Techniques of planting and upkeeped nursery young rubber in boeung ket rubber plantation company បច្ចេកទេសដាំដុះ និង​ការថែទាំកូនកៅស៊ូ (Record no. 379)

000 -LEADER
fixed length control field 00578nam a22001577a 4500
003 - CONTROL NUMBER IDENTIFIER
control field OSt
005 - DATE AND TIME OF LATEST TRANSACTION
control field 20150913152918.0
008 - FIXED-LENGTH DATA ELEMENTS--GENERAL INFORMATION
fixed length control field 150913b xxu||||| |||| 00| 0 eng d
040 ## - CATALOGING SOURCE
Transcribing agency RUA
082 ## - DEWEY DECIMAL CLASSIFICATION NUMBER
Classification number AGR នាក់ 1996 B016 Or.1
100 ## - MAIN ENTRY--PERSONAL NAME
9 (RLIN) 400
Personal name នាក់ ថុន
245 ## - TITLE STATEMENT
Title Techniques of planting and upkeeped nursery young rubber in boeung ket rubber plantation company បច្ចេកទេសដាំដុះ និង​ការថែទាំកូនកៅស៊ូ
260 ## - PUBLICATION, DISTRIBUTION, ETC. (IMPRINT)
Place of publication, distribution, etc. Phnom penh
Name of publisher, distributor, etc. RUA
Date of publication, distribution, etc. 1996
300 ## - PHYSICAL DESCRIPTION
Extent 75p.
Other physical details ill.
Dimensions 29cm.
942 ## - ADDED ENTRY ELEMENTS (KOHA)
Source of classification or shelving scheme
Koha item type AGR
Holdings
Price effective from Date last seen Permanent Location Not for loan Date acquired Source of classification or shelving scheme Koha item type Lost status Withdrawn status Date last checked out Total Checkouts Damaged status Barcode Shelving location Current Location Full call number
2015-09-132019-11-13Library Block B 2015-09-13 AGR  2019-10-281 RUA004202 Library Block BAGR នាក់ 1996 B016 Or.1
2015-09-132015-09-13Library Block B 2015-09-13 AGR     RUA008300 Library Block BAGR នាក់ 1996 B016 Or.2
2015-09-132015-09-13Library Block B 2015-09-13 AGR     RUA004132B016Library Block BAGR នាក់ 1996 B016 Or.3
2015-09-142015-09-14Library Block B 2015-09-14 AGR     RUA003487 Library Block BAGR នាក់ 1996 B016 Or.4
2016-01-262016-01-26Library Block B 2016-01-26 AGR     RUA41426 Library Block BAGR នាក់ 1996 B016 Or.5
2016-01-262023-02-15Library Block B 2016-01-26 AGR  2023-01-231 RUA052214 Library Block BAGR នាក់ 1996 B016 Or.6
មជ្ឈមណ្ឌលឯការនៃសាកលវិទ្យាល័យភូមិន្ទកសិកម្មចំការដូង

Powered by Koha